000
00295nam a22001337a 4500
008
181023b xxu||||| |||| 00| 0 eng d
020
_a
2740276147785
041
_a
eng
080
_a
371
100
_a
46
101
_a
EDU
245
_a
Let my people go surfing
_c
Houinard, Y
942
_2
udc
_c
BK
999
_c
50632
_d
50632